000 00430nam a2200181Ia 4500
008 230125s9999 xx 000 0 und d
041 _aeng
082 _a376
_bUNE
100 _aUnesco, Pub.
_9114814
245 _aThe darkar framework for action
260 _c1990
_bUnesco Pub
300 _a78p
500 _aEducation
500 _aUnesco
650 _aEducation
700 _aUnesco, Pub.
_9114814
999 _c92757
_d92757